000 00718nam a2200253Ia 4500
003 OSt
005 20220924114805.0
006 a|||||r|||| 00| 0
007 ta
008 220923b |||||||| |||| 00| 0 ara d
020 _c300
024 _a281382
037 _b608, 06/09/2014, Nadwi Publications
_cTextual
040 _aARTS
_cARTS
_bara
041 _2ara
_aara
082 _aO28,3NSHx, P4
100 _aSchar Nahil Al
_9175388
245 0 _aHalawat e zaman
260 _aCairo
_bDarul Ghharib
_c2007
300 _a150p.
_ccm.
650 _aARABIC LITERATURE
942 _hO28,3NSHx, P4
_cTEXL
_2CC
999 _c395296
_d395296